000 00338nam a2200133Ia 4500
008 240624s9999 xx 000 0 und d
041 _aeng
082 _a330 KUM
100 _aKUMAR SUDHIR
245 _aBANKRUPTCY TO BILLIONS HOW THE INDIAN RA
260 _c2009
_aNew Delhi
_bOxford India
300 _axx, : 207 : p.
365 _cRS
_b30
999 _c21592
_d21592